Pays du Monde sans la lettre A - Statistiques

Statistiques générales
  • Ce quiz a été pris 281 fois
  • Le résultat moyen est 41 sur 58
Statistiques - réponses
Continent Réponse % Correct
Europe Russie
94%
Europe Suède
92%
Asie Chine
89%
Amérique du Sud Brésil
88%
Amérique du Sud Chili
88%
Europe Norvège
88%
Europe Belgique
86%
Amérique du Nord Mexique
82%
Europe Suisse
82%
Afrique Égypte
80%
Europe Grèce
80%
Asie Inde
80%
Europe Luxembourg
80%
Europe Pologne
80%
Europe Lettonie
78%
Amérique du Sud Pérou
78%
Europe Hongrie
77%
Europe Kosovo
77%
Afrique Tunisie
77%
Europe Liechtenstein
76%
Europe Biélorussie
75%
Europe Slovénie
75%
Asie Corée du Nord
74%
Asie Corée du Sud
74%
Europe Estonie
74%
Europe Serbie
74%
Amérique du Sud Colombie
72%
Asie Chypre
70%
Asie Turquie
70%
Amérique du Sud Bolivie
68%
Asie Indonésie
68%
Afrique Libye
68%
Océanie Fidji
67%
Amérique du Nord Belize
66%
Afrique Éthiopie
66%
Afrique Niger
66%
Europe République Tchèque
66%
Asie Yémen
65%
Afrique Lesotho
64%
Afrique Togo
64%
Europe Bosnie-Herzégovine
63%
Afrique Érythrée
63%
Afrique République du Congo
63%
Afrique Djibouti
61%
Afrique Bénin
60%
Europe Monténégro
60%
Afrique Guinée
59%
Asie Brunei
57%
Asie Géorgie
57%
Asie Koweït
57%
Asie Syrie
57%
Asie Mongolie
56%
Afrique Comores
55%
Asie Philippines
53%
Afrique Burundi
52%
Afrique Seychelles
52%
Amérique du Nord Dominique
50%
Afrique Côte d'Ivoire
48%
Aucun quiz correspondant
Distribution des résultats
% des personnes avec chaque résultat
Percentile par nombre de réponses
Votre historique - résultats
Vous n’avez pas pris ce quiz